| 000 | 00352nam a2200133Ia 4500 | ||
|---|---|---|---|
| 008 | 231017s9999 xx 000 0 und d | ||
| 082 | _a629.04 | ||
| 082 | _bSED | ||
| 245 | 0 | _aSedimentation investigations of rivers and reservoirs | |
| 245 | 0 | _cDepartment of the US army | |
| 260 | _bDepartment of the US army | ||
| 300 | _c30cm | ||
| 942 | _cREP | ||
| 999 |
_c606501 _d606501 |
||